Akta Penjara 1995 (Akta 537) dan peraturan-peraturan & Prison Act 1995 (Act 537) and Regulations : (hingga 15hb September 2008)

Bibliographic Details
Corporate Authors: Malaysia, Lembaga Penyelidikan Undang-Undang . International Law Book Services
Format: Book
Language:Malay
Published: Petaling Jaya : ILBS , 2008
Subjects:

MARC

LEADER 00000cam a2200000 7i4500
001 0000022279
005 20090410.0
008 090410s my # may
020 |a 9789678919364 ,   |c RM29.50 
040 |a INS 
090 0 0 |a KPG4810   |b M4 2008 
110 1 |a Malaysia 
240 0 0 |a [Akta Penjara 1995 (Akta 537)] 
245 1 0 |a Akta Penjara 1995 (Akta 537) dan peraturan-peraturan & Prison Act 1995 (Act 537) and Regulations :   |b (hingga 15hb September 2008)   |c disusun oleh Lembaga Penyelidikan Undang-Undang 
260 |a Petaling Jaya :   |b ILBS ,   |c 2008 
300 |a 313ms. ;   |c 24 cm. 
650 0 0 |a Prisons   |x Law and legislation   |z Malaysia 
710 1 |a Lembaga Penyelidikan Undang-Undang .   |b International Law Book Services 
740 0 |a Undang-Undang Malaysia 
999 |a 0000020534   |b BOOK   |c Acts   |e Default branch